| 000 | 00359nam a2200145 a 4500 | ||
|---|---|---|---|
| 001 | 5046 | ||
| 003 | CDMR | ||
| 005 | 20130305163654.0 | ||
| 008 | 130130s1971||||||||||||||||||||||||||||d | ||
| 040 |
_aCDMR _bcat _cCDMR |
||
| 245 | 3 |
_aLa música _b: los hombres, los instrumentos, las obras |
|
| 260 |
_aBarcelona _c1971 _bPlaneta |
||
| 300 | _a2 v. | ||
| 942 |
_cMON _2udc |
||
| 999 |
_c5046 _d5046 |
||